vocabulaire anglais business - Statistiques

Statistiques générales
  • Ce quiz a été pris 137 fois
  • Le résultat moyen est 16 sur 49
Statistiques - réponses
Hint Réponse % Correct
une tendance a trend
65%
la consommation consumption
60%
l'équilibre the balance
56%
le chômage unemployment
55%
mondial global
53%
emprunter to borrow
53%
recevoir to receive
50%
le divertissement entertainment
48%
se propager to spread
48%
la rareté/le manque scarcity
47%
un achat a purchase
45%
la main d'oeuvre labour
44%
la bureaucracie bureaucracy
42%
mondialement globally
42%
une approche an approach
40%
produit intérieur brut (PIB) gross domestic product
40%
de façon spectaculaire dramatically
34%
global overall
34%
un atout/ actif financier an asset
32%
la population active labour force
32%
la paperasse paperwork
32%
prédire to predict
32%
le logement housing
31%
fournir to provide
31%
firme de consultance a consulting firm
29%
un incitant fiscal a tax incentive
29%
stimuler to boost
29%
compter sur to rely on
29%
affaiblir to weaken
29%
combler to fulfil
27%
impliquer to involve
27%
caler to stall
27%
grossièrement roughly
26%
une récession a slump
24%
reussir (a faire quelque chose) to manage
24%
les perspectives a prospect
23%
désavantageux downside
23%
diminuer les couts to cut costs
23%
intervenir to intervene
23%
diriger to run
23%
avantageux upside
23%
un cadre/un environnement a setting
18%
léger slight
18%
la balance commerciale balance of trade
16%
renforcer to strengthen
16%
activités génératrices de revenus income-generating activities
15%
inclure/intégrer to factor in
15%
la division du travail division of labor
11%
représenter/constituer to account for
10%
Aucun quiz correspondant
Distribution des résultats
% des personnes avec chaque résultat
Percentile par nombre de réponses
Votre historique - résultats
Vous n’avez pas pris ce quiz